An introduction to engine testing and development / (Record no. 586692)

000 -LEADER
fixed length control field 01129cam a2200325 a 4500
001 - CONTROL NUMBER
control field 15527114
003 - CONTROL NUMBER IDENTIFIER
control field NUST
005 - DATE AND TIME OF LATEST TRANSACTION
control field 20211111121219.0
008 - FIXED-LENGTH DATA ELEMENTS--GENERAL INFORMATION
fixed length control field 081119s2009 paua 001 0 eng
010 ## - LIBRARY OF CONGRESS CONTROL NUMBER
LC control number 2008049298
020 ## - INTERNATIONAL STANDARD BOOK NUMBER
International Standard Book Number 9780768020991
020 ## - INTERNATIONAL STANDARD BOOK NUMBER
International Standard Book Number 0768020999
035 ## - SYSTEM CONTROL NUMBER
System control number (OCoLC)ocn276140127
038 ## - RECORD CONTENT LICENSOR
Staff Name Muzammil
040 ## - CATALOGING SOURCE
Original cataloging agency DLC
Transcribing agency DLC
Modifying agency YDX
-- YDXCP
-- DLC
050 00 - LIBRARY OF CONGRESS CALL NUMBER
Classification number TL210
Item number .A755 2009
082 00 - DEWEY DECIMAL CLASSIFICATION NUMBER
Classification number 629.25
Edition number 22
Author Mark ATK
100 1# - MAIN ENTRY--PERSONAL NAME
Personal name Atkins, Richard D.,
Dates associated with a name 1940-
9 (RLIN) 83907
245 13 - TITLE STATEMENT
Title An introduction to engine testing and development /
Statement of responsibility, etc. Richard D. Atkins.
260 ## - PUBLICATION, DISTRIBUTION, ETC.
Place of publication, distribution, etc. Warrendale, Pa. :
Name of publisher, distributor, etc. SAE International,
Date of publication, distribution, etc. c2009.
300 ## - PHYSICAL DESCRIPTION
Extent xv, 289 p. :
Other physical details ill. ;
Dimensions 29 cm.
500 ## - GENERAL NOTE
General note "SAE Order no. R-344"--T.p. verso.
500 ## - GENERAL NOTE
General note Includes index.
563 ## - BINDING INFORMATION
Binding note Hard Cover
650 #0 - SUBJECT ADDED ENTRY--TOPICAL TERM
Topical term or geographic name entry element Automobiles
General subdivision Motors
-- Testing.
9 (RLIN) 83908
650 #0 - SUBJECT ADDED ENTRY--TOPICAL TERM
Topical term or geographic name entry element Automobiles
General subdivision Motors
-- Design and construction.
9 (RLIN) 83900
906 ## - LOCAL DATA ELEMENT F, LDF (RLIN)
a 7
b cbc
c orignew
d 1
e ecip
f 20
g y-gencatlg
942 ## - ADDED ENTRY ELEMENTS (KOHA)
Source of classification or shelving scheme
Koha item type Book
Holdings
Withdrawn status Lost status Source of classification or shelving scheme Damaged status Not for loan Permanent Location Current Location Shelving location Date acquired Total Checkouts Full call number Barcode Date last seen Price effective from Koha item type
          School of Mechanical & Manufacturing Engineering (SMME) School of Mechanical & Manufacturing Engineering (SMME) General Stacks 11/11/2021   629.25 ATK SMME-1969 11/11/2021 11/11/2021 Book
© 2023 Central Library, National University of Sciences and Technology. All Rights Reserved.